| 000 | 00405 a2200121 4500 | ||
|---|---|---|---|
| 020 | _a0766808971 (pbk. : alk. paper) | ||
| 082 | _a690.068 MAR | ||
| 100 | _aMarchman, David A. | ||
| 245 |
_aConstruction scheduling with SureTrak / _cDavid A. Marchman. |
||
| 260 |
_aStamford, CT : _bDelmar Thomson Learning, _cc2000. |
||
| 300 |
_axiv, 383 p. : _bill. ; _c28 cm. |
||
| 650 |
_aBuilding _xSuperintendence. |
||
| 650 | _aProduction scheduling. | ||
| 999 |
_c1809 _d1809 |
||